000 00863cab a2200241 4500
001 WB3510-53
008 090401t1999 xxu||||| |||| 00| 0 eng d
035 _a(Sirsi) u91926
041 _aeng
245 _aNew zones may beat problems
260 _c1999
350 _a0
490 _aPlanning (for the Natural and Built Environment)
_v5 March 1999, 1 & 2(1)
520 _aA report from Aberdeen University suggests that urban partnership zones should be set up on large vacant sites in urban areas. The aim is to overcome problems with unclear or divided ownership, or where owners are unwilling to sell.
650 _aABERDEEN UNIVERSITY
650 _aBROWNFIELD DEVELOPMENT
650 _aCIVIC TRUST
650 _aLAND OWNERSHIP
650 _aURBAN PARTNERSHIP ZONES
690 _aPLANNING LAW AND PRACTICE
942 _n0
948 _c10/03/1999
999 _c58291
_d58291